Giăng Giắc Ru xô

Những nét tiêu biểu nhất trong cuộc đời và sự nghiệp sáng tác của Giăng Giắc Ruxô, nhà văn, nhà triết học nổi tiếng của Pháp ở thế kỷ 17

Đã lưu trong:
書目詳細資料
主要作者: Phùng Văn Tửu
格式: 圖書
語言:Vietnamese
出版: H. Nxb. Văn hóa 1978
主題:
標簽: 添加標簽
沒有標簽, 成為第一個標記此記錄!
Thư viện lưu trữ: Mạng thư viện Đại học Đà Nẵng
LEADER 00853nam a2200277 4500
001 000014924
003 11294
005 20120516150532.0
008 120516s1978 viesd
041 0 |a vie 
082 |a 840  |b PH-T 
100 0 |a Phùng Văn Tửu 
245 0 |a Giăng Giắc Ru xô  |c Phùng Văn Tửu 
260 |a H.  |b Nxb. Văn hóa  |c 1978 
300 |a 389tr.  |c 19 cm 
520 |a Những nét tiêu biểu nhất trong cuộc đời và sự nghiệp sáng tác của Giăng Giắc Ruxô, nhà văn, nhà triết học nổi tiếng của Pháp ở thế kỷ 17 
653 |a Danh nhân văn hóa 
653 |a Pháp 
OWN |a LSP 
999 |a From the UDN01 
TYP |a Monograph 
TYP |a Printed language 
980 |a Mạng thư viện Đại học Đà Nẵng